000 00436nam a22001217a 4500
999 _c9999
_d9999
003 OSt
008 201218b ||||| |||| 00| 0 eng d
245 _aKarpagam JCS
250 _a2011(May-Jun Vol.5 No.4, Nov-Dec Vol.6 No.1) 2012(Jan-Feb Vol.6 No.2, Mar-Apr Vol.6 No.3, May-Jun Vol.6 No.4, Jul-Aug Vol.6 No.5, Nov-Dec Vol.7 No.1)
260 _aCoimbatore
_bKarpagam Publications
650 _aComputer Science Engineering
942 _2ddc
_cBV